Zeitschrift für Weltgeschichte (Titelsatznr. 61284)
[ MARC ]
| 000 -Satzkennung | |
|---|---|
| Kontrollfeld mit fester Länge | 01506nas a2200421 c 4500 |
| 001 - Kontrollnummer | |
| Kontrollfeld | 789481545 |
| 003 - Kontrollnummer Identifier | |
| Kontrollfeld | DE-601 |
| 005 - Datum und Zeit der letzten Transaktion | |
| Kontrollfeld | 20221203160820.0 |
| 007 - Feld mit fester Länge zur physischen Beschreibung - Allgemeine Information | |
| Kontrollfeld mit fester Länge | cr uuu---uuuuu |
| 008 - Feld mit fester Länge zur physischen Beschreibung - Allgemeine Angaben | |
| Kontrollfeld mit fester Länge | 140702m20039999gw u p 0 u0ger d |
| 016 7# - Kontrollnummer der nationalbibliografischen Agentur | |
| Datensatzkontrollnummer | 1052695817 |
| Quelle | DE-101 |
| 016 7# - Kontrollnummer der nationalbibliografischen Agentur | |
| Datensatzkontrollnummer | 2775807-2 |
| Quelle | DE-600 |
| 029 ad - Andere Systemkontrollnummer (OCLC) | |
| OCLC-Bibliothekskennung | 16152581 |
| 035 ## - Systemkontrollnummer | |
| System-Kontrollnummer | (OCoLC)947251992 |
| 035 ## - Systemkontrollnummer | |
| System-Kontrollnummer | (DE-599)ZDB2775807-2 |
| 040 ## - Katalogisierungsquelle | |
| Katalogisierungssprache | ger |
| Übertragungsstelle | GBVCP |
| Original-Katalogisierungsstelle | RU-10907106 |
| 041 0# - Sprachcode | |
| Sprachcode des Textes/der Tonspur oder des separaten Titels | ger |
| 044 ## - Ländercode der veröffentlichenden/herstellenden Stelle | |
| ISO-Ländercode | XA-DE |
| -- | XA-CH |
| -- | XA-AT |
| -- | XA-BE |
| -- | XD-US |
| -- | XA-GB |
| 245 00 - Titel | |
| Titel | Zeitschrift für Weltgeschichte |
| Medium | Elektronische Ressource |
| Zusatz zum Titel | ZWG : interdisziplinäre Perspektiven |
| Verfasserangabe etc. | hrsg. von ... für den Verein für Geschichte des Weltsystems |
| 246 3# - Titelvarianten | |
| Hauptsachtitel/Kurztitel | ZWG |
| 264 31 - Produktion, Veröffentlichung, Distribution, Herstellung und Urheberrechtsvermerk | |
| Herstellungs-, Veröffentlichungs- Vertriebs-, Erzeugungsort | Frankfurt, M |
| -- | Berlin |
| -- | Bern |
| -- | Bruxelles |
| -- | New York, NY |
| -- | Oxford |
| -- | Wien |
| Produzent, Herausgeber, Distributor, Hersteller | Lang |
| Datum der Herstellung, der Veröffentlichung, des Vertriebs oder des Urheberschutzvermerks | 2003- |
| 300 ## - Physische Beschreibung | |
| Umfang | Online-Ressource |
| 336 ## - Inhaltstyp | |
| Inhaltstypterm | Text |
| Inhaltstypcode | txt |
| Quelle | rdacontent |
| 337 ## - Medientyp | |
| Bezeichnung des Medientyps | Computermedien |
| Medientypcode | c |
| Quelle | rdamedia |
| 338 ## - Datenträgertyp | |
| Datenträgertypbezeichnung | Online-Ressource |
| Datenträgertypcode | cr |
| Quelle | rdacarrier |
| 362 0# - Erscheinungsdaten und/oder Bandbezeichnung | |
| Datumsangaben der Veröffentlichung und/oder Bandbezeichnung | 4.2003 - |
| 363 01 - Datum und Zählung in normalisierter Form | |
| Erster Level der Zählung | 4 |
| Erster Level der Chronologie | 2003 |
| 500 ## - Allgemeine Fußnote | |
| Allgemeine Fußnote | E-Zeitschrift / Open Access |
| 611 27 - Nebeneintragung unter einem Schlagwort - Kongressname | |
| Kongress- oder Gebietskörperschaftsname als Eintragungselement | Zeitschrift |
| Quelle der Ansetzung oder des Terms | gnd |
| Koha-Normdatenidentnummer | 16310 |
| 650 #7 - Nebeneintragung unter einem Schlagwort - Sachschlagwort | |
| IDN des Normdatensatzes oder Standardnummer | (DE-601)106075454 |
| -- | (DE-588)4079158-0 |
| Sachschlagwort oder geografischer Name als Eintragungselement | Weltgeschichte |
| Quelle der Ansetzung oder des Terms | gnd |
| Koha-Normdatenidentnummer | 6889 |
| 655 ## - Indexierungsterm - Genre/Form | |
| Genre/Form oder fokussierter Term | Open Access |
| 776 08 - Andere physische Form | |
| Verweisungsphrase | Druckausg |
| Titel | Zeitschrift für Weltgeschichte |
| Ort, Verlag und Erscheinungsjahr | Frankfurt, M. ; Berlin ; Bern ; Bruxelles ; New York, NY ; Oxford ; Wien : Lang, 2000- |
| Datensatzkontrollnummer | a987675978 |
| 856 41 - Elektronische Adresse und Zugriff | |
| URL | <a href="http://www.ingentaconnect.com/content/plg/zfw">http://www.ingentaconnect.com/content/plg/zfw</a> |
| OPAC-Notiz | frei zugänglich |
| 942 ## - Zusätzliche Felder (Koha) | |
| Klassifikation oder Aufstellungssystematik | Andere/Generische Klassifikation |
| Koha-Medientyp | Zeitschriften |
| Ausgeschieden | Verloren | Klassifikation oder Aufstellungssystematik | Beschädigt | Nicht entleihbar | Heimatbibliothek | Aufenthaltsbibliothek | Aufstellungsort | Erwerbungsdatum | Inventarnummer | Signatur | Barcode | Letzte Aktivität | Preis gültig von | Koha-Medientyp |
|---|---|---|---|---|---|---|---|---|---|---|---|---|---|---|
| Andere/Generische Klassifikation | MWN Osteuropa | MWN Osteuropa | Online-Ressource | 03/12/2022 | 22-e01475 | E-22-e01475 | 63351 | 03/12/2022 | 03/12/2022 | Zeitschriften |